International trade by commodity statistics 2005-2009

Na minha lista:
Detalhes bibliográficos
Formato: Periódico
Idioma:inglês
Publicado em: Paris OECD 2008
Assuntos:
Tags: Adicionar Tag
Sem tags, seja o primeiro a adicionar uma tag!

MARC

LEADER 00000nas2a2200000 4500
001 0147780
005 20120214082931.5
022 |a 1028-8376 
041 0 |a eng 
044 |a FR 
245 1 0 |a International trade by commodity statistics  |b 2005-2009 
264 1 |a Paris  |b OECD  |c 2008 
773 0 |w eu_un_cat*s124421 
610 2 0 |a štatistika 
610 2 0 |a obchod medzinárodný 
610 2 0 |a komodity 
610 2 0 |a OECD 
610 2 0 |a OECD publikácie